书目信息 |
| 题名: |
德育与班级管理
|
|
| 作者: | 王桂艳 主编 | |
| 分册: | ||
| 出版信息: | 北京 北京师范大学出版社 2016 |
|
| 页数: | 263页 | |
| 开本: | 23cm | |
| 丛书名: | 卓越教师培养丛书 | |
| 单 册: | ||
| 中图分类: | G41 , G424.21 | |
| 科图分类: | ||
| 主题词: | 德育--de yu--高等学校--教材 , 班级--ban ji--学校管理--高等学校--教材 | |
| 电子资源: | ||
| ISBN: | 978-7-303-19030-0 | |
| 000 | 00898nam 2200289 45 | |
| 001 | 012001001029 | |
| 005 | 20131025173122.0 | |
| 010 | @a978-7-303-19030-0@dCNY32.00 | |
| 099 | @aCAL 012015142253 | |
| 100 | @a20150922d2015 ekmy0chiy0120 ea | |
| 101 | 0 | @achi |
| 102 | @aCN@b110000 | |
| 105 | @ay a 000yy | |
| 106 | @ar | |
| 200 | 1 | @a德育与班级管理@Ade yu yu ban ji guan li@f王桂艳主编 |
| 210 | @a北京@c北京师范大学出版社@d2016 | |
| 215 | @a263页@d23cm | |
| 225 | 2 | @a卓越教师培养丛书@Azhuo yue jiao shi pei yang cong shu@f丛书总主编梁福成, 王光明, 贾国锋 |
| 320 | @a有书目 (第260-261页) | |
| 410 | 0 | @12001@a卓越教师培养丛书 |
| 606 | 0 | @a德育@Ade yu@x高等学校@j教材 |
| 606 | 0 | @a班级@Aban ji@x学校管理@x高等学校@j教材 |
| 690 | @aG41@v5 | |
| 690 | @aG424.21@v5 | |
| 701 | 0 | @a王桂艳@Awang gui yan@4主编 |
| 801 | 0 | @aCN@b江苏凤凰@c20191020 |
| 905 | @b1222268-71@dG41@e89@f4 | |
| 德育与班级管理/王桂艳主编.-北京:北京师范大学出版社,2016 |
| 263页;23cm.-(卓越教师培养丛书/丛书总主编梁福成, 王光明, 贾国锋) |
| ISBN 978-7-303-19030-0:CNY32.00 |
| ● |
| 相关链接 |
|
|
|
|
正题名:德育与班级管理
索取号:G41/89
 
预约/预借
| 序号 | 登录号 | 条形码 | 馆藏地/架位号 | 状态 | 备注 |
| 1 | 1222268 | 212222682 | 第一样本阅览室/ [索取号:G41/89] | 在馆 | |
| 2 | 1222269 | 212222691 | 教育系资料室/ [索取号:G41/89] | 在馆 | |
| 3 | 1222270 | 212222708 | 教育系资料室/ [索取号:G41/89] | 在馆 | |
| 4 | 1222271 | 212222717 | 第四借阅区/ [索取号:G41/89] | 在馆 |